Песни за нисък глас от български автори [Нотирана музика] (Запис номер 351586)
[ съкратено ]
| 000 -Лидер | |
|---|---|
| Контролно поле с фиксирана дължина | 02829ncm a2200373 a 4500 |
| 003 - Код на организацията, давaща контролен номер | |
| Контролно поле | BLK |
| 005 - Дата и час на последна редакция | |
| Контролно поле | 20240419123415.0 |
| 008 - Елементи от данни с фиксирана дължина | |
| fixed length control field | 200324b bu ||||| |||| 00| 0 bu d |
| 040 ## - Източник на каталожния запис | |
| Идентификатор на билиотеката - собственик на записа | BLK |
| 041 ## - Код за език | |
| Код за езика на текст/звукозапис или на отделно заглавие | Български |
| Код за езика КДБФ | Български |
| 080 ## - УДК | |
| Текстов определител УДК | Камерна вок. муз. Песни, балади, арии, романси |
| УДК код - определител по УДК | 784.3 |
| УДК - код + определител | 784.3 |
| 139 ## - Редно поле | |
| Редна дума | Песни за нисък глас от български автори |
| Авторски знак | Пес - П 38 |
| 245 ## - Сведения за заглавието | |
| Заглавие | Песни за нисък глас от български автори [Нотирана музика] |
| Подзаглавни данни | [за пеене и пиано] : Ч. 1- |
| Редно поле (дума) | състав. и ред. Льоли Даскалова, Лили Ракитска |
| Том | Ч. 1 |
| 260 ## - Област на издателските данни | |
| 9 (RLIN) | 209548 |
| Място на издаване, разпространение и проч. | София |
| Име на издателя, разпространителя и проч. | Наука и изкуство |
| Година на издаване | 1970- |
| 300 ## - Физическа характеристика | |
| Страници | |
| Илюстрации и др. | |
| Размери/Мащаб | 32 см |
| 380 ## - Жанр | |
| Жанр | Изкуство |
| 500 ## - Общи забележки | |
| Забележка | Съдържа: Я разтуряй : нар. песен / Добри Христов. Не плачи, малка моме : нар. песен. Луковитски моми : нар. песен. Айде, коня яхам : нар. песен. Сивляна / текст Цанко Церковски. Години, млади години / текст М. Иванов. Темна мъгла. Вино пия / текст Цанко Церковски. Момина песен. Хайдушка песен. Девойче / текст Цанко Церковски. Лале Ефка : нар. песен от Велес. Ах, забрадила й. Две луди-млади : песен от Прилеп. Радкината майка / Александър Кръстев. Китка ти падна, Дено. Млад делия / Георги Спасов. Ганините очи : нар. песен. Море Етке, инаетке / в нар. дух текст И. Начев. Кипра мома / текст Любомир Бобевски. Що ми е сърце тегнало : / Венедикт Бобчевски ; текст Кирил Христов. Канят ме, мамо : Що ме мъчиш, Яно / Людмила Прокопова. Льох! : На хорото |
| 650 #7 - Допълнително описание по предмет – тема | |
| 9 (RLIN) | 166108 |
| Основно описание – тема или топоним | Песни |
| 650 #7 - Допълнително описание по предмет – тема | |
| 9 (RLIN) | 152202 |
| Основно описание – тема или топоним | Глас |
| 650 #0 - Допълнително описание по предмет – тема | |
| 9 (RLIN) | 241861 |
| Основно описание – тема или топоним | Композитори, български |
| 653 #7 - Ключова дума – ненормативна | |
| 9 (RLIN) | 193581 |
| Ключова дума | песни |
| 653 #7 - Ключова дума – ненормативна | |
| 9 (RLIN) | 192349 |
| Ключова дума | нисък глас |
| 653 #7 - Ключова дума – ненормативна | |
| 9 (RLIN) | 182685 |
| Ключова дума | български композитори |
| 700 ## - Други автори (авторска отговорност) | |
| 9 (RLIN) | 1529 |
| Лично име | Даскалова, Льоли |
| Автороска отговорност (Описва отношението между автора и произведението) | състав. и ред. |
| 700 ## - Други автори (авторска отговорност) | |
| 9 (RLIN) | 362550 |
| Лично име | Ракитска, Лили |
| Автороска отговорност (Описва отношението между автора и произведението) | състав. и ред. |
| 760 ## - Описание на основната серия | |
| Страници - том | 64 с. |
| Част - том | Ч. 1 |
| Място на издаване, издател и година | София, 1970 |
| 852 ## - Местоположение | |
| Форматна сигнатура | М ІІ 5054 |
| Фондова буква | Отдел Изкуство - подръчен фонд |
| 999 ## - СИСТЕМНИ КОНТРОЛНИ НОМЕРА | |
| Koha biblionumber | 351586 |
| Koha biblioitemnumber | 351586 |
| 942 ## - АРТИКУЛИ | |
| Вид на библиотечния материал | Нотни издания |
| Скрит в OPAC | Не |
| Периодичен библиозапис | Да |
| Koha issues (borrowed), all copies | 1 |
| 944 ## - СЪЗДАВАНЕ И РЕДАКЦИЯ на ЗАПИСА | |
| Създаване/Редакция | Създаване |
| Дата на регистрацията/редакция | 2020-04-05 |
| Статус, дата на статуса | Христина Везирева |
| Служител, извършил регистрацията/редакцията | 30535 |
| 999 ## - СИСТЕМНИ КОНТРОЛНИ НОМЕРА | |
| Koha biblioitemnumber | 351586 |
| 999 ## - СИСТЕМНИ КОНТРОЛНИ НОМЕРА | |
| Koha biblioitemnumber | 351586 |
| 999 ## - СИСТЕМНИ КОНТРОЛНИ НОМЕРА | |
| Koha biblioitemnumber | 351586 |
| 999 ## - СИСТЕМНИ КОНТРОЛНИ НОМЕРА | |
| Koha biblioitemnumber | 351586 |
| Код за отписване | Код за изгубен артикул | Източник на класификационната схема | Код за повреда | Коз за рестрикции | Код за отдаване | Артикулен № | Име на библиотеката - собственик | Име на библиотеката, в която се намира в момента | Статус (Текущо местоположение) | Дата на вписване в системата | Местоположение - отдел | Цена в лева | Инвентарен номер | Систематично азбучна сигнатура | Баркод | Цена в евро | Служебен тип на артикула |
|---|---|---|---|---|---|---|---|---|---|---|---|---|---|---|---|---|---|
| Не е изгубен | Universal Decimal Classification | Не е повреден | без рестрикции | заемане за дома | 758832 | Регионална библиотека "Любен Каравелов" Русе | Регионална библиотека "Любен Каравелов" Русе | Отдел Изкуство - подръчен фонд | 2020-04-06 | Отдел Изкуство - подръчен фонд | 2.40 | 88254 | 784/П 38 | 120000088254 | 1.23 | Нотни издания | |
| Не е изгубен | Universal Decimal Classification | Не е повреден | без рестрикции | заемане за дома | 758833 | Регионална библиотека "Любен Каравелов" Русе | Регионална библиотека "Любен Каравелов" Русе | Отдел Изкуство - подръчен фонд | 2020-04-06 | Отдел Изкуство - подръчен фонд | 2.40 | 88256 | 784/П 38 | 120000088256 | 1.23 | Нотни издания | |
| Не е изгубен | Universal Decimal Classification | Не е повреден | само за читалня | ползва се в читалня | 774274 | Регионална библиотека "Любен Каравелов" Русе | Регионална библиотека "Любен Каравелов" Русе | Хранилище | 2020-06-04 | Хранилище | 2.40 | 77201 | Цб М ІІ 5054 | 900000017430 | 1.23 | Нотни издания |